<?xml version="1.0" encoding="UTF-8"?>
<collection xmlns="http://www.loc.gov/MARC21/slim">
 <record>
  <leader>00640cam a22002051a 4500</leader>
  <controlfield tag="001">MAT.inmabb005396</controlfield>
  <controlfield tag="008">730103s1956####enka##########000#0#eng##</controlfield>
  <controlfield tag="005">20130228105814.0</controlfield>
  <datafield tag="245" ind1="1" ind2="4">
   <subfield code="a">The theory of games and linear programming.</subfield>
  </datafield>
  <datafield tag="260" ind1=" " ind2=" ">
   <subfield code="a">London :</subfield>
   <subfield code="b">Methuen ;</subfield>
   <subfield code="a">New York :</subfield>
   <subfield code="b">Wiley,</subfield>
   <subfield code="c">[1956]</subfield>
  </datafield>
  <datafield tag="300" ind1=" " ind2=" ">
   <subfield code="a">106 p. :</subfield>
   <subfield code="b">il. ;</subfield>
   <subfield code="c">18 cm.</subfield>
  </datafield>
  <datafield tag="440" ind1=" " ind2="0">
   <subfield code="a">Methuen's monographs on physical subjects</subfield>
  </datafield>
  <datafield tag="510" ind1="4" ind2=" ">
   <subfield code="a">MR,</subfield>
   <subfield code="c">19,231e</subfield>
  </datafield>
  <datafield tag="100" ind1="1" ind2=" ">
   <subfield code="a">Vajda, S.</subfield>
  </datafield>
  <datafield tag="650" ind1=" " ind2="0">
   <subfield code="a">Game theory.</subfield>
  </datafield>
  <datafield tag="650" ind1=" " ind2="0">
   <subfield code="a">Linear programming.</subfield>
  </datafield>
  <datafield tag="084" ind1=" " ind2=" ">
   <subfield code="a">91-01 (90-01)</subfield>
   <subfield code="2">msc2000</subfield>
  </datafield>
  <datafield tag="010" ind1=" " ind2=" ">
   <subfield code="a">   56002821 </subfield>
  </datafield>
  <datafield tag="040" ind1=" " ind2=" ">
   <subfield code="a">DLC</subfield>
   <subfield code="c">ODaWU</subfield>
   <subfield code="d">OCoLC</subfield>
   <subfield code="d">Uk</subfield>
   <subfield code="d">DLC</subfield>
  </datafield>
  <datafield tag="859" ind1=" " ind2=" ">
   <subfield code="h">91</subfield>
   <subfield code="i">V133</subfield>
   <subfield code="p">A-1019</subfield>
   <subfield code="b">BIB. MATEMATICA</subfield>
  </datafield>
 </record>
</collection>
